The normal Christian worker / (Record no. 27401)
[ view plain ]
| 000 -LEADER | |
|---|---|
| fixed length control field | 00606nam a2200181 4500 |
| 008 - FIXED-LENGTH DATA ELEMENTS--GENERAL INFORMATION | |
| fixed length control field | 060822s1965 hk m a000 0 eng d |
| 100 1# - MAIN ENTRY--PERSONAL NAME | |
| Personal name | Nee, Watchman. |
| 245 14 - TITLE STATEMENT | |
| Title | The normal Christian worker / |
| Statement of responsibility, etc | by Watchman Nee. |
| 260 ## - PUBLICATION, DISTRIBUTION, ETC. (IMPRINT) | |
| Place of publication, distribution, etc | Kowloon, Hong Kong : |
| Name of publisher, distributor, etc | Hong Kong Church Book Room, |
| Date of publication, distribution, etc | 1965. |
| 300 ## - PHYSICAL DESCRIPTION | |
| Extent | 133 p. ; |
| Dimensions | 19 cm. |
| 336 ## - CONTENT TYPE | |
| Content Type Term | text |
| 337 ## - MEDIA TYPE | |
| Media Type Term | unmediated |
| 338 ## - CARRIER TYPE | |
| Carrier Type Term | volume |
| 500 ## - GENERAL NOTE | |
| General note | On title page: "The substance of a series of messages given to a group of fellow-workers in 1948. Translated from Chinese." |
| 650 #4 - SUBJECT ADDED ENTRY--TOPICAL TERM | |
| Topical term or geographic name as entry element | Clergy. |
| 650 #4 - SUBJECT ADDED ENTRY--TOPICAL TERM | |
| Topical term or geographic name as entry element | Theology, Practical. |
| 942 ## - ADDED ENTRY ELEMENTS (KOHA) | |
| Source of classification or shelving scheme | Library of Congress Classification |
| Item type | Books |
| Withdrawn status | Lost status | Source of classification or shelving scheme | Damaged status | Not for loan | Home library | Current library | Shelving location | Date acquired | Inventory number | Total Checkouts | Full call number | Barcode | Date last seen | Price effective from | Koha item type |
|---|---|---|---|---|---|---|---|---|---|---|---|---|---|---|---|
| Library of Congress Classification | BSOP Library | BSOP Library | GC | 12/21/2000 | 4285 | BV4520 N28n | 00008221 | 02/23/2013 | 02/23/2013 | Books |
